ՀՀ Գիտությունների ազգային ակադեմիայի հիմնարար գիտական գրադարան  =   Fundamental Scientific Library of NAS RA
Normal view MARC view

Entry Personal Name

Number of records used in: 29

001 - CONTROL NUMBER

  • control field: 1882

003 - CONTROL NUMBER IDENTIFIER

  • control field: AM-YEHGA

005 - DATE AND TIME OF LATEST TRANSACTION

  • control field: 20250617070432.0

008 - FIXED-LENGTH DATA ELEMENTS

  • fixed length control field: 050616 a|ac|n|aab||||||||||||a |n|||||||

040 ## - CATALOGING SOURCE

  • Original cataloging agency: AM-YEHGA

100 1# - HEADING--PERSONAL NAME

  • Personal name: Եսայան, Վարսենիկ Արամի,
  • Dates associated with a name: 1909-1985

400 1# - SEE FROM TRACING--PERSONAL NAME

  • Personal name: Եսայան, Վարսիկ Արամի,
  • Dates associated with a name: 1909-1985

400 1# - SEE FROM TRACING--PERSONAL NAME

  • Personal name: Եսայան, Վ.Ա.
  • Fuller form of name: (Վարսենիկ Արամի),
  • Dates associated with a name: 1909-1985

400 1# - SEE FROM TRACING--PERSONAL NAME

  • Personal name: Եսայան, Վարսենիկ,
  • Dates associated with a name: 1909-1985

400 1# - SEE FROM TRACING--PERSONAL NAME

  • Personal name: Եսայան, Վ.
  • Fuller form of name: (Վարսենիկ),
  • Dates associated with a name: 1909-1985

400 1# - SEE FROM TRACING--PERSONAL NAME

  • Personal name: Есаян, Варсеник Арамовна,
  • Dates associated with a name: 1909-1985

400 1# - SEE FROM TRACING--PERSONAL NAME

  • Personal name: Yesayan, Varsenik Arami,
  • Dates associated with a name: 1909-1985

670 ## - SOURCE DATA FOUND

  • Source citation: Գրական տեղեկատու, 1986 :
  • Information found: Եսայան Վարսենիկ Արամի [2.9.1909, Թավրիզ (Պարսկաստան) - 30.7.1985, Երևան], գրականագետ, թարգմանչուհի: ՀՍՍՀ վաստ. ուսուցչուհի (1969): ՍՍՀՄ Գրողների միության անդամ (1969-ից): Ուսուցչություն է արել Երևանի դպրոցներում (1941-77): Պարգևատրվել է Լենինի ու Աշխ. Կարմիր դրոշի շքանշաններով, Խ. Աբովյանի ու Ն. Կրուպսկայայի անվ. մեդալներով):

670 ## - SOURCE DATA FOUND

  • Source citation: Հայրենի գրականություն : Դասագիրք ութամյա դպր. 8-րդ դաս. համար, 1982 :
  • Information found: տիտղթ. (Վարսիկ Արամի Եսայան)

670 ## - SOURCE DATA FOUND

  • Source citation: Գրականություն : Դասագիրք միջն. դպր. 7-րդ դաս. համար, 1987 :
  • Information found: տիտղթ. (Վարսենիկ Արամի Եսայան)

670 ## - SOURCE DATA FOUND

  • Source citation: Ինչպես էր կոփվում պողպատը : Վեպ : Միջին տարիքի դպրոցականների համար, 1982 :
  • Information found: տիտղթ. (ռուս. թարգմ.՝ Վ. Եսայան)

670 ## - SOURCE DATA FOUND

  • Source citation: Հայրենի գրականություն : Դասագիրք ութամյա դպր. 8-րդ դաս. համար, 1964 :
  • Information found: տիտղթ. (Վ.Ա. Եսայան)

670 ## - SOURCE DATA FOUND

  • Source citation: Մարկ Տվեն, 1970 :
  • Information found: տիտղթ. (ռուս. թարգմ.՝ Վ. Եսայան)


ՀՀ ԳԱԱ հիմնարար գիտական գրադարան
ՀՀ,Երևան 0019
Մարշալ Բաղրամյան 24/6
հեռախոս:(374-10) 52-47-50
Հետադարձ կապ

All site content, except where otherwise noted, is licensed under a
Creative Commons License